Človek ako multidimenzionálny subjekt (nové trendy v marketingu 3. tisícročia)
Nové trendy v praxi marketingu a obchodu na prahu 3. tisícročia. Nový pohľad na spotrebiteľa. Konkurenčné stratégie maloobchodu. Nové rozmery manažérskych schopností. Úlohy marketingových tímov.
Gespeichert in:
| 1. Verfasser: | |
|---|---|
| Format: | Buchkapitel |
| Sprache: | Slowakisch |
| Schlagworte: | |
| Tags: |
Keine Tags, Fügen Sie das erste Tag hinzu!
|
MARC
| LEADER | 00000naa a2200000 4500 | ||
|---|---|---|---|
| 001 | r045251 | ||
| 005 | 20231004100157.1 | ||
| 041 | 0 | |a slo | |
| 044 | |a CZ | ||
| 245 | 1 | 0 | |a Človek ako multidimenzionálny subjekt |b (nové trendy v marketingu 3. tisícročia) |c Dagmar Lesáková |
| 520 | |a Nové trendy v praxi marketingu a obchodu na prahu 3. tisícročia. Nový pohľad na spotrebiteľa. Konkurenčné stratégie maloobchodu. Nové rozmery manažérskych schopností. Úlohy marketingových tímov. | ||
| 610 | 2 | 0 | |a marketing |
| 610 | 2 | 0 | |a prognózy |
| 610 | 2 | 0 | |a obchod |
| 610 | 2 | 0 | |a spotrebitelia |
| 610 | 2 | 0 | |a segmentácia trhu |
| 610 | 2 | 0 | |a tímy pracovné |
| 610 | 2 | 0 | |a stratégia marketingová |
| 100 | 1 | |a Lesáková, Dagmar, 1949- | |